000 00857nam a2200325 a 4500
003 AR-BaBNM
005 20251128210304.0
008 082120s2002 ||||||||||||||000 | spa||
020 _a84-7432-129-8
040 _cAR-BaBNM
100 1 _aAlem, Jean-Pierre
245 0 0 _aNuevos juegos de ingenio y entretenimiento matemático
250 _a4ª ed.
260 _aBarcelona
_bGedisa
_c1992
300 _a296 p.
_bil., tablas, gráfs.
490 0 _aJuegos
_vv. 4
650 4 _aLOGICA MATEMATICA
650 4 _aPROBABILIDAD
650 4 _aLOGICA MATEMATICA
650 4 _aSOLUCION DE PROBLEMAS
650 4 _aENSEÑANZA DE LAS MATEMATICAS
650 4 _aACTIVIDADES
650 4 _aARITMETICA
650 4 _aGEOMETRIA
650 4 _aALGEBRA
650 4 _aJUEGOS EDUCATIVOS
653 _aPROBLEMAS [MATEMATICA]
942 _cBK
998 _cRAQUEL
999 _c14809
_d14809